Lịch sử Việt Nam từ 1858 đến nay

LS030

Zapisane w:
Opis bibliograficzny
1. autor: Trần, Bá Đệ
Format: Książka
Język:Undetermined
Wydane: H. Đại học Quốc gia Hà Nội 2008
Hasła przedmiotowe:
Dostęp online:http://lrc.tdmu.edu.vn/opac/search/detail.asp?aID=2&ID=4010
Etykiety: Dodaj etykietę
Nie ma etykietki, Dołącz pierwszą etykiete!
Thư viện lưu trữ: Trung tâm Học liệu Trường Đại học Thủ Dầu Một
LEADER 00838nam a2200205Ia 4500
001 TDMU_4010
008 210410s9999 xx 000 0 und d
082 |a 959.7 
090 |b T685 
100 |a Trần, Bá Đệ 
245 0 |a Lịch sử Việt Nam từ 1858 đến nay 
245 0 |c Trần Bá Đệ 
260 |a H. 
260 |b Đại học Quốc gia Hà Nội 
260 |c 2008 
300 |a 515tr. 
520 |a LS030  |d Tiến trình Lịch sử Việt Nam 2; LS083  |d Phong trào yêu nước chống Pháp trước khi có Đảng; LS112  |d Lịch sử Việt Nam cận đại 
650 |a Lịch sử  |y Hiện đại  |z Việt Nam 
856 |u http://lrc.tdmu.edu.vn/opac/search/detail.asp?aID=2&ID=4010 
980 |a Trung tâm Học liệu Trường Đại học Thủ Dầu Một